| 000 | 00555nam a22001817a 4500 | ||
|---|---|---|---|
| 999 |
_c166120 _d166120 |
||
| 005 | 20190715111134.0 | ||
| 010 | _aENG-125912 | ||
| 020 |
_a9789352766369 _c195.00 |
||
| 035 | _aEN-109444 | ||
| 037 | _bDBAD/PUB | ||
| 082 | _a881 | ||
| 100 | _aMittal, Akanksha G | ||
| 245 |
_aThe sound of silence / _cby Akanksha G Mittal |
||
| 260 |
_aNoida _bOm Books International _c2018 |
||
| 270 |
_aA-12, Sector 64 _bNoida, Uttar Pradesh _e201301 _k91-11-23278091 _msales@ombooks.com |
||
| 300 |
_a157p. _c20cm(pbk) |
||
| 942 |
_2ddc _cEN _h881 _mMIT |
||